Đổi mới công tác đào tạo ở trường Đại học Thủ Dầu Một - mấy nhận thức và giải pháp thực tiễn

Сохранить в:
Библиографические подробности
Главный автор: Nguyễn, Văn Hiệp
Формат:
Язык:Undetermined
Предметы:
Online-ссылка:http://lrc.tdmu.edu.vn/opac/search/detail.asp?aID=2&ID=21164
Метки: Добавить метку
Нет меток, Требуется 1-ая метка записи!
Thư viện lưu trữ: Trung tâm Học liệu Trường Đại học Thủ Dầu Một
LEADER 00819nam a2200145Ia 4500
001 TDMU_21164
008 210410s9999 xx 000 0 und d
082 |a NULL 
100 |a Nguyễn, Văn Hiệp 
245 0 |a Đổi mới công tác đào tạo ở trường Đại học Thủ Dầu Một - mấy nhận thức và giải pháp thực tiễn 
245 0 |c Nguyễn Văn Hiệp 
300 |a Tr.13-20 
650 |a Đại học Thủ Dầu Một  |x  Phương hướng và mục tiêu  |z Việt Nam  |z Bình Dương; Đại học Thủ Dầu Một; Đào tạo; Đổi mới; Giải pháp thực tiễn; Tín chỉ 
856 |u http://lrc.tdmu.edu.vn/opac/search/detail.asp?aID=2&ID=21164 
980 |a Trung tâm Học liệu Trường Đại học Thủ Dầu Một